| 000 | 004530000a22001690004500 | ||
|---|---|---|---|
| 003 | LK-CoMWRAF | ||
| 008 | 230817t ||||| |||| 00| 0 eng d | ||
| 040 |
_aLK-CoMWRAF _dLK-CoMWRAF _eLK-CoMWRAF |
||
| 041 | _aeng | ||
| 082 |
_a300 _bSPE |
||
| 245 |
_aSpecial issue on refugee women _bcountry reports documents review |
||
| 260 |
_aGeneva _bUNCHR _c1995 |
||
| 300 | _ap.311 | ||
| 490 | _aRefugee survey quarterly Vol.14 | ||
| 650 | _aWomen | ||
| 942 | _cBK | ||
| 999 |
_c1703 _d1703 |
||